Creation of Pakistan / (Record no. 331737)

000 -LEADER
fixed length control field 00812nam a2200265 a 4500
001 - CONTROL NUMBER
control field 2348900
003 - CONTROL NUMBER IDENTIFIER
control field NUST
005 - DATE AND TIME OF LATEST TRANSACTION
control field 20171020111850.0
008 - FIXED-LENGTH DATA ELEMENTS--GENERAL INFORMATION
fixed length control field 850515s1982 pk b 001 0 eng
010 ## - LIBRARY OF CONGRESS CONTROL NUMBER
LC control number 82930911
020 ## - INTERNATIONAL STANDARD BOOK NUMBER
Terms of availability Rs175.00
040 ## - CATALOGING SOURCE
Original cataloging agency DLC
Transcribing agency DLC
Modifying agency DLC
043 ## - GEOGRAPHIC AREA CODE
Geographic area code a-ii---
-- a-pk---
050 00 - LIBRARY OF CONGRESS CALL NUMBER
Classification number DS480.45
Item number .K25 1982
082 00 - DEWEY DECIMAL CLASSIFICATION NUMBER
Classification number 954.90359
Author Mark KAD
100 1# - MAIN ENTRY--PERSONAL NAME
Personal name Kadri, Syed Shameem Hussain.
9 (RLIN) 5562
245 10 - TITLE STATEMENT
Title Creation of Pakistan /
Statement of responsibility, etc. Syed Shameem Hussain Kadri.
250 ## - EDITION STATEMENT
Edition statement 1st ed.
260 ## - PUBLICATION, DISTRIBUTION, ETC.
Place of publication, distribution, etc. Lahore :
Name of publisher, distributor, etc. Wajidalis,
Date of publication, distribution, etc. 1982.
300 ## - PHYSICAL DESCRIPTION
Extent xvi, 521, [11] p. ;
Dimensions 23 cm.
500 ## - GENERAL NOTE
General note Includes index.
504 ## - BIBLIOGRAPHY, ETC. NOTE
Bibliography, etc. note Bibliography: p. [10]-[11] (last group)
650 #0 - SUBJECT ADDED ENTRY--TOPICAL TERM
Topical term or geographic name entry element Pakistan movement.
9 (RLIN) 203
906 ## - LOCAL DATA ELEMENT F, LDF (RLIN)
a 7
b cbc
c orignew
d 3
e ncip
f 19
g y-gencatlg
942 ## - ADDED ENTRY ELEMENTS (KOHA)
Source of classification or shelving scheme
Koha item type Book
Holdings
Withdrawn status Lost status Source of classification or shelving scheme Damaged status Not for loan Collection code Permanent Location Current Location Shelving location Date acquired Total Checkouts Full call number Barcode Date last seen Date last checked out Copy number Price effective from Koha item type
            Central Library (CL) Central Library (CL) Book Cart 10/20/2017 4 954.90359 KAD CL2048 08/29/2025 09/05/2023 1 10/20/2017 Book
© 2023 Central Library, National University of Sciences and Technology. All Rights Reserved.